| 000 | 02277nam a2200385 i 4500 | ||
|---|---|---|---|
| 001 | 196273 | ||
| 003 | ES-MaACL | ||
| 005 | 20250711063133.0 | ||
| 008 | 240823s2017 sp 000 f spa | ||
| 015 | _aMON17 | ||
| 017 |
_aM 113-2017 _bOficina Depósito Legal Madrid |
||
| 020 | _a9788416363773 | ||
| 035 | _a(OCoLC)1030696325 | ||
| 035 | _a(SpMaBN)a5936559 | ||
| 035 | _a991001919709708606 | ||
| 040 |
_aSpMaBN _bspa _cSpMaBN _erdc _dES-MaACL |
||
| 080 | _a821.112.2-31"19" | ||
| 100 | 1 |
_aFallada, Hans, _d1893-1947 _9226299 _eaut |
|
| 240 | 1 | 4 |
_aDer Alpdruck _lEspañol |
| 245 | 1 | 0 |
_aPesadilla / _cHans Fallada ; traducción, Rosa Pilar Blanco. |
| 260 |
_aMadrid : _bMaeva, _cD.L. 2017. |
||
| 300 |
_a268 p. : _c23 cm. |
||
| 336 |
_aTexto (visual) _2isbdcontent |
||
| 337 |
_asin mediación _2isbdmedia |
||
| 338 |
_2rdacarrier _avolumen |
||
| 520 | _aUn valioso testimonio sobre los primeros meses de la posguerra en Alemania. Tras el final de la Segunda Guerra Mundial y la caída de la dictadura nazi, los rusos ocupan la pequeña ciudad de Prenzlau, donde viven el doctor Doll y su familia. Al principio sienten una mezcla de alivio y esperanza, pero estos sentimientos pronto son desplazados por la incertidumbre, la culpa colectiva y la desilusión. Doll es nombrado alcalde y se propone «limpiar» la ciudad de cualquier resto del pasado nazi, pero no será una labor fácil y, decepcionado, se traslada con su familia a Berlín. Pero allí sus esperanzas de un futuro mejor chocarán también con la dura realidad. Su esposa, Alma, que arrastra problemas de salud, usa morfina para calmar el dolor, y pronto ella y el mismo Doll recurren a los efectos de esta droga para huir de un mundo hostil y tratar de despertar de la pesadilla en la que se encuentra sumida la Europa de posguerra. | ||
| 594 | _aTítulo original: Der Alpdruck | ||
| 700 | 1 |
_aBlanco, Rosa Pilar _929205 _etrl |
|
| 852 |
_aES-MaACL _bR.151877 _cDEPOJ _jN-9327 _hDonación: Editorial _xEncuadernación rústica con solapas _9205398 |
||
| 942 |
_cMONOGRAFIA _n0 |
||
| 999 |
_c196273 _d196273 |
||